000 00624nam a22001937a 4500
005 20161130122029.0
010 _aENG-116712
020 _a9788184845945
_c1880.00
035 _aEN-100244
037 _bDBAD/PUB
082 _a346.540488
100 _aSharma,Razit
245 _aLaw relating to trademarks :
_cby Razit Sharma
_binfringement and allied aspects /
260 _aNew Delhi
_bRegal Publications
_c2016
270 _aF-159, Rajouri Garden
_bNew Delhi
_e110027
300 _avi,400p.
_c23cm(Hb)
500 _aIncludes bibliographical references and index
942 _2ddc
_cEN
_h346.540488
_mSHA
999 _c104864
_d104864